000 00935nam a2200253Ia 4500
003 OSt
005 20221005112847.0
006 a|||||r|||| 00| 0
007 ta
008 221004b |||||||| |||| 00| 0 pan d
020 _a8187762608 (hbk)
_c140
024 _a96331
037 _b222, 01/01/2009, H.K. Prakashan
_cTextual
040 _aCRL
_cCRL
_bpan
041 _2pan
_apan
082 _aO153,1N242x, P8
100 _aਸਿੰਘ, ਪ੍ਰੀਤਮl ਰਾਜਵੰਤ ਕੌਰ, ਥਦ।
_9624439
245 0 _aਨfਆਈਆਂ ਕਾਂਗਾਂ
260 _aਦਿੱਲੀ
_bਐੱਚ ਕੇ ਪ੍ਰਕਾਨ ਭਾਰਤ਼
_c2008
300 _a103ਪੰ
_ccm.
650 _aਪੰਜਾਬੀ ਸਾਹਿਤ
942 _hO153,1N242x, P8
_cTEXL
_2cc
999 _c1026221
_d1026221